00780nam a2200205 a 450000100100000000500170001000800410002702000180006804000250008610000370011124500240014826000460017230000200021849000250023850000460026383000320030995201050034195201110044699900170055700004423820201002045233.0140610s2008 pr 000 p spa d a9780557020072 aDO-SdBNPbspacBNPHU1 aRodríguez, Sallyd1957-91263312aLa llama insomne /. aPuerto Rico :bMediaisla editores,c2008. a68 p. ;c24 cm.0 aAzares y navíosv1 aIncluye datos biografícos de la autora. 0aAzares y navíosn1972240 001050718MOaPDbPDcHDd2014-06-10iLF1l0o p44238-10r2020-06-25w2020-06-25y1ZNo se presta 001050718MOaPDbPDcHDd2014-06-10iLF1l0o p44238-20r2020-06-25te. 2w2020-06-25y1ZNo se presta c43727d43727